000 00684nam a2200217Ia 4500
003 GCL
008 140319s9999 xx 000 0 ara d
040 _aGCL /
_cGCL
082 0 4 _a814.008
_bم م
100 1 _aمحمد نعيم
245 1 0 _aمواسم الدماء والرذيلة- من ملفات الجريمة فى السودان /
_cمحمد نعيم
700 1 _aمحمد نعيم عبدالسلام ياسين
260 _a[S.N] :
_bدار الغد للنشر ،
_c1991
300 _a112
490 _a
650 0 4 _aالادب العربى
650 0 4 _aالادب
650 0 4 _aمقالات ومحاضرات
650 0 4 _aالمجموعات
942 _2ddc
_cBK
999 _c31133
_d31133